000 00915nas a2200289 4500
001 BR2015000555
003 BR-BrBNA
005 20231205124944.0
007 ta
008 230509b bl.|||p| |||| 00| 00por d
040 _aBR-BrBNA
_bpor
_cBiblioteca Nacional de Agricultura
041 _a(Pt)
072 _aQ03
100 1 _aVeiga, L.L. de A. da
100 1 _aSouza, S.L.Q. de
100 1 _aRaices, R.L.
100 1 _aAmorim, H.P.C.
100 1 _aFreitas, J.M.M. de
245 1 _aIdentificação e avaliação dos perigos e pontos críticos de controle relacionados à semente de guaraná torrado
650 _aGUARANÁ
650 _aTORREFAÇÃO
650 _aCONTAMINAÇÃO
650 _aSEGURANÇA ALIMENTAR
773 0 _tHigiene Alimentar (Brazil)
_xISSN 0101-9171
_g(Sep-Oct 2014), v. 28(236-237) p. 63-68
_wBR2015000555
909 _a202311
_bLúcia
_c55
_dLúcia Elande
942 _2AGRIS
_n0
_cANA
999 _c241828
_d241828